Artists That Have Worked with T-Pain - Statistics

General Stats
  • This quiz has been taken 2 times
  • The average score is 17 of 60
Answer Stats
Artist % Correct
Akon
100%
Busta Rhymes
100%
DaBaby
100%
Lil Wayne
100%
Rick Ross
100%
Snoop Dogg
100%
2 Pistols
50%
Bow Wow
50%
Chris Brown
50%
Denzel Curry
50%
E-40
50%
Flo Rida
50%
Jesse McCartney
50%
Juicy J
50%
Kanye West
50%
Lily Allen
50%
Ludacris
50%
Ne-Yo
50%
Omarion
50%
Pitbull
50%
Royce Da 5'9
50%
Sophia Fresh
50%
Tay Dizm
50%
Trey Songz
50%
Wiz Khalifa
50%
Young M.A.
50%
Yung Joc
50%
6LACK
0%
Ace Hood
0%
Afro B
0%
AJ Tracey
0%
Arash
0%
Bertell
0%
B.o.B.
0%
Ciaa
0%
Dreezy
0%
Flipp Dinero
0%
G-Eazy
0%
Hert
0%
Jacob Latimore
0%
Joey Galaxy
0%
Kandi Girl
0%
Kehlani
0%
Lil Yachty
0%
Mann
0%
Meek Mill
0%
Mr. Talkbox
0%
NandoSTL
0%
Nelly
0%
Profit Dinero
0%
Russ
0%
Seddy Hedrinx
0%
Severe
0%
Smino
0%
Tech N9ne
0%
Tory Lanez
0%
Twista
0%
Ty Dolla $ign
0%
Wale
0%
Wisin & Yandel
0%
No matching quizzes found
Score Distribution
Percent of People with Each Score
Percentile by Number Answered
Your Score History
You have not taken this quiz